02114nam a22002417a 450000500170000000800410001702000180005804000070007604100120008308200190009510000200011424500680013426000740020230000300027636500570030652012140036365000490157765000360162670000260166294200120168899900190170095201530171920250725112940.0250725b |||||||| |||| 00| 0 eng d a9780367431778 cAL aEnglish a657.0285bCORA aCory Ng9220061 aArtificial Intelligence in Accountingb: Practical applications aVanderbilt Avenue, New YorkbRoutledge taylor and francis groupc2021 axiv,120 p.bPBc22x14 cm. aIN-1332b₹3560.35c₹3560.35d₹e0%f30-06-2025 aArtificial Intelligence in Accounting: Practical Applications was written with a simple goal: to provide accountants with a foundational understanding of AI and its many business and accounting applications. It is meant to serve as a guide for identifying opportunities to implement AI initiatives to increase productivity and profitability. This book will help you answer questions about what AI is and how it is used in the accounting profession today. Offering practical guidance that you can leverage for your organization, this book provides an overview of essential AI concepts and technologies that accountants should know, such as machine learning, deep learning, and natural language processing. It also describes accounting-specific applications of robotic process automation and text mining. Illustrated with case studies and interviews with representatives from global professional services firms, this concise volume makes a significant contribution to examining the intersection of AI and the accounting profession. This innovative book also explores the challenges and ethical considerations of AI. It will be of great interest to accounting practitioners, researchers, educators, and students. aAccounting-technological innovations9220062 aArtificial Intelligence9220063 aAlarcon, John9220064 2ddccBK c234673d234673 00102ddc40708COMaALbALcSKd2025-07-23eamazon.ing3560.35l1o657.0285 CORAp077775r2026-03-14 09:14:10s2025-07-28v3560.35w2025-06-30yBK